Języki urzędowe w państwach Afryki - Statystyki

Ogólne statystyki
  • Ten quiz został rozwiązany 23 razy
  • Średni wynik to 43 z 54
Statystyki odpowiedzi
Państwo Język % Poprawnych
Algieria Arabski
95%
Mali Francuski
90%
Angola Portugalski
90%
Republika Południowej Afryki Afrikaans/Angielski
85%
Ghana Angielski
85%
Namibia Angielski
85%
Nigeria Angielski
85%
Kamerun Angielski/Francuski
85%
Lesotho Angielski/Sotho
85%
Egipt Arabski
85%
Libia Arabski
85%
Maroko Arabski
85%
Maretania Arabski
85%
Czad Arabski/Francuski
85%
Dżibuti Arabski/Francuski
85%
Benin Francuski
85%
Burkina Faso Francuski
85%
Demokratyczna Republika Konga Francuski
85%
Gabon Francuski
85%
Kongo Francuski
85%
Niger Francuski
85%
Komory Francuski/Komorski/Arabski
85%
Gwinea Bissau Portugalski
85%
Mozambik Portugalski
85%
Kenia Suahili/Angielski
85%
Botswana Tswana/Angielski
85%
Gambia Angielski
80%
Liberia Angielski
80%
Sierra Leone Angielski
80%
Mauritius Angielski/Francuski
80%
Tunezja Arabski
80%
Erytrea Arabski/Tigrinia
80%
Gwinea Francuski
80%
Gwinea Równikowa Hiszpański
80%
Madagaskar Malgaski/Francuski
80%
Republika Zielonego Przylądka Portugalski
80%
Tanzania Suahili/Angielski
80%
Eswatini Angielski
75%
Sudan Południowy Angielski
75%
Zambia Angielski
75%
Zimbwabwe Angielski
75%
Malawi Angielski/Niandża
75%
Sudan Arabski/Angielski
75%
Togo Francuski
75%
Wybrzeże Kości Słoniowej Francuski
75%
Wyspy Świętego Tomasza i Książęca Portugalski
75%
Uganda Angielski
70%
Republika Środkowoafrykańska Francuski
70%
Senegal Francuski
70%
Burundi Francuski/Kirundi
70%
Seszele Seszelski/Angielski/Francuski
70%
Rwanda Francuski/Angielski
65%
Somalia Somalijski
55%
Etiopia Amharski/Oromo
40%
Nie znaleziono quizów pasujących do podanych kryteriów
Rozkład punktacji
Procent ludzi z każdym wynikiem
Percentyl według liczby udzielonych odpowiedzi
Twoja historia wyników
Nie rozwiązałeś tego quizu